书目信息 |
| 题名: |
汽车发动机构造
|
|
| 作者: | 石玲 主编 | |
| 分册: | ||
| 出版信息: | 镇江 江苏大学出版社 2016.7 |
|
| 页数: | 237页 | |
| 开本: | 26cm | |
| 丛书名: | ||
| 单 册: | ||
| 中图分类: | U464.03 | |
| 科图分类: | ||
| 主题词: | 汽车--发动机--构造 | |
| 电子资源: | ||
| ISBN: | 978-7-5684-0225-5 | |
| 000 | 00877nam0 2200229 450 | |
| 001 | 0400003814 | |
| 005 | 20171022145057.0 | |
| 010 | @a978-7-5684-0225-5@dCNY38.00 | |
| 100 | @a20161019e2016 em y0chiy50 ea | |
| 101 | 0 | @achi |
| 102 | @aCN@b320000 | |
| 105 | @aa z 000yy | |
| 106 | @ar | |
| 200 | 1 | @a汽车发动机构造@9qi che fa dong ji gou zao@f石玲主编 |
| 210 | @a镇江@c江苏大学出版社@d2016.7 | |
| 215 | @a237页@c图@d26cm | |
| 330 | @a本书通过典型实例的分析,系统阐述了现代汽车发动机的构造和工作原理。全书分十个项目,内容包括总论、发动机基本知识、曲柄连杆机构与配气机构、汽油机燃料供给系统、柴油机燃料供给系统、发动机冷却与润滑系统、发动机点火与起动系统等部分,内容涉及面广,充分体现汽车新技术的应用。 | |
| 606 | 0 | @a汽车@x发动机@x构造 |
| 690 | @aU464.03@v5 | |
| 701 | 0 | @a石玲@9shi ling@4主编 |
| 801 | 0 | @aCN@b91MARC@c20171022 |
| 905 | @b1027091-5@dU464.03@f5@e496 | |
| 汽车发动机构造/石玲主编.-镇江:江苏大学出版社,2016.7 |
| 237页:图;26cm |
| ISBN 978-7-5684-0225-5:CNY38.00 |
| 本书通过典型实例的分析,系统阐述了现代汽车发动机的构造和工作原理。全书分十个项目,内容包括总论、发动机基本知识、曲柄连杆机构与配气机构、汽油机燃料供给系统、柴油机燃料供给系统、发动机冷却与润滑系统、发动机点火与起动系统等部分,内容涉及面广,充分体现汽车新技术的应用。 |
| ● |
| 相关链接 |
|
|
|
|
正题名:汽车发动机构造
索取号:U464.03/496
 
预约/预借
| 序号 | 登录号 | 条形码 | 馆藏地/架位号 | 状态 | 备注 |
| 1 | 1027091 | 210270918 | 第二样本阅览室/ [索取号:U464.03/496] | 在馆 | |
| 2 | 1027092 | 210270927 | 密集书库-物理学院/ [索取号:U464.03/496] | 在馆 | |
| 3 | 1027093 | 210270936 | 第三借阅区/ [索取号:U464.03/496] | 在馆 | |
| 4 | 1027094 | 210270945 | 第三借阅区/ [索取号:U464.03/496] | 在馆 | |
| 5 | 1027095 | 210270954 | 第三借阅区/ [索取号:U464.03/496] | 在馆 |